| 000 | 01154nam a2200265Ia 4500 | ||
|---|---|---|---|
| 003 | OSt | ||
| 005 | 20210917125255.0 | ||
| 008 | 210310s1964 sp fr 001 0 spa d | ||
| 040 |
_aCO-JMCR _cCO-JMCR |
||
| 041 | 1 |
_aspa _heng |
|
| 082 | 0 | 4 |
_a338.95 / _bB716e _223 |
| 100 | 1 |
_aBonné, Alfred, _917745 _eautor |
|
| 245 | 1 | 0 |
_aEstudios sobre desarrollo económico : _bcon especial referencia a las zonas subdesarrolladas de Asia Occidental e India / _cAlfred Bonné ; traducción del inglés por Iluminada García Díaz |
| 260 |
_aAvila : _bAguilar, _c1964 |
||
| 300 |
_axix, 350 páginas ; _c22 cm. |
||
| 490 | 0 | _aBiblioteca de Ciencias Sociales. Sección primera: Economía | |
| 500 | _aIncluye índice alfabético de materias y notas a pie de página. Títuo original: Studies in economic development | ||
| 505 | 0 | _aEl problema de la desigualdad -- El proceso de ajuste | |
| 546 | _aTraducido del inglés. | ||
| 650 | 1 | 4 |
_aDesarrollo económico _917747 |
| 651 | 4 |
_aMedio oriente _xCondiciones económicas _940618 |
|
| 651 | 4 |
_aIndia _xCondiciones económicas _940273 |
|
| 700 | 1 |
_aGarcía Díaz, Iluminada, _etraductora _940076 |
|
| 942 |
_2ddc _cBK |
||
| 999 |
_c8600 _d8600 |
||